[Event "Greifswald Ryck op"]
[Site "Greifswald"]
[Date "2024.07.27"]
[Round "5"]
[White "Krause, Enrico"]
[Black "Quiram, Arne"]
[Result "1/2-1/2"]
[WhiteElo "1850"]
[BlackElo "1786"]
[PlyCount "100"]
[EventDate "2024.07.24"]
[EventType "swiss"]
[EventRounds "7"]
[EventCountry "GER"]
[SourceTitle "EXT 2025"]
[Source "ChessBase"]
[SourceDate "2024.10.14"]
[SourceVersion "1"]
[SourceVersionDate "2024.10.14"]
[SourceQuality "1"]

1. c4 b6 2. Nc3 Bb7 3. e4 e6 4. d4 Bb4 5. Bd3 f5 6. d5 Nf6 7. exf5 exd5 8. Nge2 0-0 9. 0-0 dxc4 10. Bxc4+ d5 11. Bb3 Bxc3 12. Nxc3 Kh8 13. Bg5 d4 14. Ne2 Ba6 15. Re1 Bxe2 16. Rxe2 c5 17. Re6 Na6 18. Qf3 Nc7 19. Rae1 Nxe6 20. fxe6 Qe7 21. h4 Rad8 22. Bc4 h6 23. Qh3 Kg8 24. Bd2 Ne8 25. Bd3 Rd5 26. Bg6 Rf6 27. Bf7+ Rxf7 28. exf7+ Qxf7 29. Qc8 Kf8 30. Bf4 g5 31. hxg5 hxg5 32. Bg3 d3 33. Qg4 Nf6 34. Qf3 d2 35. Rd1 Qe6 36. Kf1 Kg7 37. Qc3 Kh6 38. Rxd2 Rxd2 39. Qxd2 Ne4 40. Qe3 Nxg3+ 41. Qxg3 Qxa2 42. Qd6+ Kg7 43. Qe7+ Kg6 44. Qe4+ Kf6 45. Qf3+ Kg7 46. Qc3+ Kh6 47. Qf6+ Kh5 48. g3 Qb1+ 49. Kg2 Qe4+ 50. Kh2 Qh7 1/2-1/2

[Event "Greifswald Ryck op"]
[Site "Greifswald"]
[Date "2024.07.25"]
[Round "3"]
[White "Krause, Enrico"]
[Black "Walz, Fabian"]
[Result "0-1"]
[WhiteElo "1850"]
[BlackElo "1760"]
[PlyCount "90"]
[EventDate "2024.07.24"]
[EventType "swiss"]
[EventRounds "7"]
[EventCountry "GER"]
[SourceTitle "EXT 2025"]
[Source "ChessBase"]
[SourceDate "2024.10.14"]
[SourceVersion "1"]
[SourceVersionDate "2024.10.14"]
[SourceQuality "1"]

1. c4 e6 2. Nc3 Nf6 3. e4 c5 4. e5 Ng8 5. f4 b6 6. Nf3 Bb7 7. d4 cxd4 8. Nxd4 d6 9. Be3 dxe5 10. Ndb5 Nc6 11. fxe5 Nh6 12. Qa4 Nf5 13. Rd1 Qb8 14. Bf4 Bb4 15. Be2 a6 16. Nd6+ Nxd6 17. Rxd6 Bxd6 18. exd6 0-0 19. 0-0 e5 20. Be3 Qxd6 21. Rd1 Qg6 22. Bd3 f5 23. Nd5 e4 24. Bf1 Rad8 25. Bxb6 Rd7 26. Nf6+ Qxf6 27. Rxd7 Rf7 28. Rxf7 Kxf7 29. Qd1 Ne5 30. Bf2 f4 31. Bd4 Qd6 32. c5 Qd5 33. Qb3 Qxb3 34. axb3 Ke6 35. Bc4+ Nxc4 36. bxc4 g5 37. b4 Bc6 38. g3 Kf5 39. Kf2 e3+ 40. Ke2 Ke4 41. Bf6 f3+ 42. Ke1 g4 43. Bg5 Kd3 44. b5 axb5 45. cxb5 Bxb5 0-1

[Event "Mecklenburg VP-chA"]
[Site "Greifswald"]
[Date "2024.03.25"]
[Round "6"]
[White "Grossmann, Piet"]
[Black "Krause, Enrico"]
[Result "1-0"]
[WhiteElo "1932"]
[BlackElo "1794"]
[PlyCount "79"]
[EventDate "2024.03.23"]
[EventType "swiss"]
[EventRounds "7"]
[EventCountry "GER"]
[SourceTitle "CBM 219 Extra"]
[Source "ChessBase"]
[SourceDate "2024.05.31"]
[SourceVersion "1"]
[SourceVersionDate "2024.05.31"]
[SourceQuality "1"]

1. e4 c6 2. Nf3 d5 3. exd5 cxd5 4. Ne5 Nc6 5. d4 a6 6. c4 Nxe5 7. dxe5 e6 8. Be2 dxc4 9. Qxd8+ Kxd8 10. Bxc4 b5 11. Be2 Bb7 12. 0-0 Ne7 13. Nd2 Nc6 14. Nf3 Bc5 15. Bg5+ Ke8 16. Rac1 Bb6 17. h4 h6 18. Bf4 Ke7 19. h5 Rhd8 20. Bg3 Rd5 21. Rfd1 Rad8 22. Bh4+ f6 23. Bg3 R8d7 24. Rxd5 Rxd5 25. Rd1 Nd4 26. exf6+ gxf6 27. Nxd4 Bxd4 28. Bf3 Bxb2 29. Bxd5 Bxd5 30. Bf4 b4 31. Bxh6 Bxa2 32. Rd2 Bc1 33. Rxa2 Bxh6 34. Rxa6 f5 35. Kh2 Kf6 36. Rb6 Bd2 37. Kg3 Kg5 38. Rxe6 f4+ 39. Kf3 Kxh5 40. Rd6 1-0

[Event "Mecklenburg VP-chA"]
[Site "Greifswald"]
[Date "2024.03.23"]
[Round "1"]
[White "Ehlers, Michael2"]
[Black "Krause, Enrico"]
[Result "0-1"]
[WhiteElo "1965"]
[BlackElo "1794"]
[PlyCount "76"]
[EventDate "2024.03.23"]
[EventType "swiss"]
[EventRounds "7"]
[EventCountry "GER"]
[SourceTitle "CBM 219 Extra"]
[Source "ChessBase"]
[SourceDate "2024.05.31"]
[SourceVersion "1"]
[SourceVersionDate "2024.05.31"]
[SourceQuality "1"]

1. e4 c6 2. d4 d5 3. exd5 cxd5 4. Nf3 Nf6 5. Bd3 Nc6 6. 0-0 Bg4 7. c3 e6 8. Bg5 Bd6 9. Nbd2 Qc7 10. h3 Bh5 11. Qe2 h6 12. Be3 0-0 13. g4 Nxg4 14. hxg4 Bxg4 15. c4 f5 16. c5 Bh2+ 17. Kg2 f4 18. Nxh2 Bxe2 19. Bxe2 fxe3 20. fxe3 e5 21. Bf3 Nb4 22. Rac1 e4 23. Bg4 Nd3 24. Be6+ Kh8 25. Bxd5 Nxc1 26. Rxc1 Rf2+ 27. Kxf2 Qxh2+ 28. Ke1 Qg1+ 29. Nf1 Rf8 30. Bc4 g5 31. d5 g4 32. c6 g3 33. Kd2 g2 34. c7 Qf2+ 35. Be2 Qf5 36. Ng3 Qxd5+ 37. Kc2 Qc5+ 38. Kb1 Qxc1+ 0-1

[Event "Greifswald Ryck op 24th"]
[Site "Greifswald"]
[Date "2023.07.20"]
[Round "3"]
[White "Wagner, Tino"]
[Black "Krause, Enrico"]
[Result "0-1"]
[WhiteElo "1398"]
[BlackElo "1576"]
[PlyCount "78"]
[EventDate "2023.07.19"]
[EventType "swiss"]
[EventRounds "7"]
[EventCountry "GER"]
[SourceTitle "CBM 215 Extra"]
[Source "ChessBase"]
[SourceDate "2023.09.30"]
[SourceVersion "1"]
[SourceVersionDate "2023.09.30"]
[SourceQuality "1"]

1. e4 c6 2. Nc3 d5 3. Qf3 d4 4. Bc4 e6 5. Nce2 b5 6. Bb3 Bb7 7. d3 c5 8. a3 Nf6 9. Qg3 Nbd7 10. Nf3 g6 11. 0-0 Bg7 12. Nf4 0-0 13. Bd2 Nb6 14. Ng5 c4 15. Ba2 e5 16. Ne2 Nh5 17. Qf3 Bh6 18. h4 Bg7 19. Bb4 Qd7 20. Bxf8 Rxf8 21. Ng3 Nf4 22. Ne2 f5 23. Nxf4 fxe4 24. Qh3 Rxf4 25. Qxd7 Nxd7 26. g3 exd3 27. cxd3 Rf6 28. dxc4 h6 29. cxb5+ Kh8 30. Rac1 hxg5 31. hxg5 Rd6 32. Rc7 Bf3 33. Rc8+ Nf8 34. Kh2 e4 35. Rfc1 d3 36. R1c6 Rd4 37. Rxg6 d2 38. Bb3 d1Q 39. Bxd1 Rxd1 0-1